| 000 | 01113cam a2200229 4500 | ||
|---|---|---|---|
| 001 | ABS65952 | ||
| 008 | 020924n2002 000 0 eng u | ||
| 035 | _a(Sirsi) u119831 | ||
| 100 | _aHill, C. | ||
| 245 | _aHeading for cover | ||
| 260 | _c2002 | ||
| 490 |
_aBuilding _v267(8243) 19 July 2002, 64(1) |
||
| 520 | _aReviews a shift towards project insurance as part of an overhaul of the insurance provisions of the JCT standard forms, where rising professional indemnity insurance premiums are adding to consultants' costs. This was recently highlighted as an anomaly in "Co-operative Retail Services Ltd v Taylor Young Partnership" [2002]. Recommendations are for a move towards 'whole-life' insurance that would cover the first 35 years of a building's life, thus bypassing the need for many types of insurance. | ||
| 590 | _aABS | ||
| 650 | _aPROFESSIONAL INDEMNITY COVER | ||
| 650 | _aCO-OPERATIVE RETAIL SERVICES LTD V TAYLOR YOUNG PARTNERSHIP | ||
| 650 | _aPROJECT INSURANCE | ||
| 650 | _aJCT STANDARD FORM | ||
| 650 | _aLATENT DEFECTS INSURANCE | ||
| 690 |
_aInsurance _96249 |
||
| 942 | _n0 | ||
| 999 |
_c71213 _d71213 |
||